Centenary stamp exhibition, New South Wales and Australian states : (Record no. 2113)

000 -LEADER
fixed length control field 01073nam a2200217 a 4500
008 - FIXED-LENGTH DATA ELEMENTS--GENERAL INFORMATION
fixed length control field 940707s1949 pauac 000 0 eng d
100 ## - MAIN ENTRY--AUTHOR'S NAME
Author's Name National Philatelic Museum
245 10 - TITLE STATEMENT
Title Centenary stamp exhibition, New South Wales and Australian states :
Remainder of title July 17-August 12, 1949 /
Statement of responsibility, etc. sponsored by Society of Australasian Specialists ; New South Wales and Australian States Exhibition Committee, Robson Lowe ... [et al.] ; National Museum Exhibition Committee, Donald M. Steele ... [et al.].
260 ## - PUBLICATION, DISTRIBUTION, ETC. (IMPRINT)
Place of publication, distribution, etc. [Philadelphia :
Name of publisher, distributor, etc. National Philatelic Museum,
Date of publication, distribution, etc. 1949]
490 0# - SERIES STATEMENT
Series statement Official bulletin / Philatelic Museum ;
Volume/sequential designation v. 1, no. 7
500 ## - GENERAL NOTE
General note Cover title: Centenary stamp exhibition, New South Wales & Australian states.
650 #0 - TOPICAL TERM (Tag)
Topical term or geographic name Postage stamps
Geographic subdivision Australia
650 #0 - TOPICAL TERM (Tag)
Topical term or geographic name Postage stamps
Geographic subdivision New South Wales
650 #0 - TOPICAL TERM (Tag)
Topical term or geographic name Stamp collecting
Geographic subdivision Australia
650 #0 - TOPICAL TERM (Tag)
Topical term or geographic name Stamp collecting
Geographic subdivision New South Wales
650 #0 - TOPICAL TERM (Tag)
Topical term or geographic name Postal service
Geographic subdivision Australia
650 #0 - TOPICAL TERM (Tag)
Topical term or geographic name Postal service
Geographic subdivision New South Wales
700 1# - SECONDARY AUTHOR, EDITOR OR ILLUSTRATOR
Personal Name Lowe, Robson.
700 1# - SECONDARY AUTHOR, EDITOR OR ILLUSTRATOR
Personal Name Steele, Donald M.
Holdings
Withdrawn status Lost status Source of classification or shelving scheme Damaged status Koha normalized classification for sorting Not for loan Permanent Location Current Location Shelving location Date acquired Total Checkouts Full call number Barcode Date last seen Price effective from Koha item type
        P3200 A11 N27774   Northern Philatelic Library Northern Philatelic Library Bound Periodicals 11/19/2016   P3200 A11 N27774 1002453 11/19/2016 11/19/2016 Periodicals

Powered by Koha